St. Paul Streets - Statistics

General Stats
  • This quiz has been taken 9 times
  • The average score is 28 of 93
Answer Stats
Hint Answer % Correct
Arterial Marshall
100%
Highway 94
80%
Arterial Selby
80%
Arterial St. Clair
80%
Arterial University
80%
Arterial Como
60%
Dayton
60%
Arterial Grand
60%
Arterial Highland
60%
Jefferson
60%
Arterial Minnehaha
60%
Arterial Montreal
60%
Arterial Randolph
60%
Arterial Arlington
40%
Ashland
40%
Bayard
40%
Beechwood
40%
Berkeley
40%
Bohland
40%
Arterial Edgcumbe
40%
Eleanor
40%
Arterial Ford
40%
Goodrich
40%
Hartford
40%
Hillcrest
40%
Idaho
40%
Iglehart
40%
Iowa
40%
Jessamine
40%
Juno
40%
Arterial Larpenteur
40%
Laurel
40%
Lincoln
40%
Niles
40%
Osceola
40%
Palace
40%
Arterial Pierce Butler
40%
Pinehurst
40%
Portland
40%
Rome
40%
Saunders
40%
Scheffer
40%
Shepard
40%
Stanford
40%
Arterial St. Paul
40%
Arterial Summit
40%
Thomas
40%
Van Buren
40%
Wellesley
40%
Blair
20%
Carroll
20%
Concordia
20%
Arterial Energy Park
20%
Fair
20%
Fairmount
20%
Field
20%
Graham
20%
Hague
20%
Hampshire
20%
James
20%
Juliet
20%
Munster
20%
Nebraska
20%
Sargent
20%
Sheridan
20%
Shields
20%
St. Anthony
20%
Upper St. Dennis
20%
Arterial W 7th
20%
Watson
20%
Wordsworth
20%
Yorkshire
20%
Albany
0%
Almond
0%
Breda
0%
Brewster
0%
California
0%
Canfield
0%
Central
0%
Charles
0%
Edmund
0%
Englewood
0%
Hewitt
0%
Hoyt
0%
Hubbard
0%
Lafond
0%
Midway
0%
Morgan
0%
Sherburne
0%
Spruce Tree
0%
Stewart
0%
Taylor
0%
Wynne
0%
No matching quizzes found
Score Distribution
Percent of People with Each Score
Percentile by Number Answered
Your Score History
You have not taken this quiz